00883nam a22002417a 450000500170000001000120001702000230002903500120005203700160006404000120008008200200009210000230011224500930013526000410022827000590026930000240032850000510035265000260040365000340042994200290046399900190049295201300051120170124105920.0 aB-92483 c400.00a8173914869 aB-92483 bCen Lib/Ret aDPLbEN a306.095453bORA aOraon, Karma94185 aDimension of religion, magic and festival of Indian tribe :cby Karma Oraonbthe munda / aNew DelhibKanishka publishersc2002 bNew Delhia4697/5-21A, Ansari Road, Darya Ganje110002 axii,140p.c23cm(Hb) aIncludes bibliographical references and index aReligion-munda973438 aTribes-munda-Jharkhand973439 2ddccENh306.095453mORA c123110d123110 00104070aLbLd2015-06-02eCen Lib/Retg400.00l0o306.095453 ORApB-92483r2015-06-02 00:00:00t1v400.00w2015-06-02yEN